Principles and methods in landscape ecology : toward a science of landscape

Saved in:
Bibliographic Details
Main Author: Farina, Almo
Format: Book
Language:English
Published: Dordrecht : Springer, 2007, 2006
Series:Landscape series (Springer (Firm)) ; 3
Subjects:
Tags: Add Tag
No Tags, Be the first to tag this record!

MARC

LEADER 00000nam a2200000 i 4500
001 1/91083
008 080716r20072006 eng d
020 |a 978-1-4020-3328-5 (pbk.) 
020 |a 1-4020-3328-1 (pbk.) 
035 |l 10098994 
040 |a GR-MY-UA  |b gre  |e aacr 
041 0 |a eng 
082 0 |a 333.73  |2 (22) 
100 1 |a Farina, Almo. 
245 1 0 |a Principles and methods in landscape ecology :  |b toward a science of landscape /  |c by Almo Farina 
260 |a Dordrecht :   |b Springer,   |c 2007, 2006 
300 |a xxii, 412 σ.;  |b εικ. (μερ. έγχρ.), χάρτες;  |c 25 εκ. 
490 1 |a Landscape series  |v ; 3 
504 |a Περιέχει βιβλιογραφικές παραπομπές και ευρετήριο 
650 0 0 |a Landscape ecology. 
650 0 0 |a Ecology. 
650 0 0 |a Phytogeography. 
650 0 0 |a Agricultural ecology. 
650 0 0 |a Land use. 
830 0 |a Landscape series (Springer (Firm))  |v ; 3 
852 |a INST  |b LESVOS  |e 20080716  |h 333.73 FAR  |p 005100041774  |q 005100041774  |t BK  |y 0 
901 |a BIBL1-2008-2 
909 |a Λ  |b 143878 
922 |a 1ΕΛΗ  |b 200801  |c ΕΠΕΑΕΚ2/ΤΓ  |d ΠΑΠΑΣΩΤΗΡΙΟΥ 
970 |a ΚΑΡΑ  |b ΓΙΑΣΕΜΗ  |z 2008/07/16